[Event "EU-ch 2nd"]
[Site "Ohrid"]
[Date "2001.06.04"]
[Round "4"]
[White "Asrian, Karen"]
[Black "Belotti, Bruno"]
[Result "1-0"]
[WhiteElo "2582"]
[BlackElo "2440"]
[Annotator "Ribli,Z"]
[PlyCount "57"]
[EventDate "2001.06.01"]
[EventType "swiss"]
[EventRounds "13"]
[EventCountry "YUG"]
[SourceTitle "CBM 084"]
[Source "ChessBase"]
[SourceDate "2001.09.13"]
[SourceVersion "1"]
[SourceVersionDate "2001.09.13"]
[SourceQuality "1"]

1. e4 c5 2. Nf3 e6 3. d4 cxd4 4. Nxd4 a6 5. Nc3 b5 {Dieser scharfe Zug wird
heutzutage oft gespielt. Schwarz entwickelt - wie üblich in der
Paulsen-Variante - zuerst den Damenflügel und strebt dort sofort Gegenspiel an.
} 6. Bd3 Qb6 7. Be3 (7. Nb3 Qc7 {Damit verhindert Schwarz, dass Weiß 8.a4 b4
nebst 9.a5 mit Tempo spielen un den Nc3 nach a4 ziehen kann. Es hat nur den
Anschein, als habe Schwarz mit 6...Qb6 und 7...Qc7 ein Tempo verloren, in
Wirklichkeit aber steht der weiße Springer weniger aktiv auf b3 als auf d4.})
7... Bc5 8. Be2 (8. Qg4 Bxd4 9. e5) (8. e5 $5) 8... Bb7 {Dieser Läuferzug
gefällt mir nicht - es wäre besser, mit 8...Nc6!? das Zentrum zu verstärken.} (
8... Ne7) (8... Nc6 $5) 9. a4 $5 {Das ist mit Abstand die beste Fortsetzung
für Weiß. Nach anderen Zügen steht Schwarz relativ gut.} (9. Qd2 Ne7 10. O-O-O
O-O 11. Kb1 Nbc6 12. Nxc6 Bxc6 13. Bxc5 Qxc5 14. Qd4 Qxd4 15. Rxd4 f5 {0-1
Saravanan,V-Horvath,J/Calcutta 2000/CBM 74 ext (24)}) (9. O-O $2 Nc6 10. Nxc6
Bxe3 11. Ne5 Bd4 12. Nd3 (12. Nf3 Bxc3 13. bxc3 Bxe4 14. a4 Nf6 15. axb5 axb5
16. Rxa8+ Bxa8 17. Qd4 Qxd4 18. Nxd4 Ke7 {0-1 Teuschler,H-Pilaj,H/Graz 1999/
EXT 2001 (64)}) 12... Bxc3 13. bxc3 Bxe4 14. c4 bxc4 15. Ne5 d5 16. Bxc4 Nf6 {
0-1 Krabbe,T-Movsesian,S/Dordrecht 2000/EXT 2001 (41)}) (9. a3 Nc6 10. Nxc6
Bxc6 11. Bxc5 Qxc5 12. O-O Nf6 13. Qd3 O-O 14. Bf3 a5 {0-1 Balogh,C-Fogarasi,T/
Budapest 2000/CBM 75 ext (30)}) 9... Nc6 $6 (9... Nf6 10. axb5 axb5 11. Rxa8
Bxa8 12. Ndxb5 $1 Bxe3 13. fxe3 O-O 14. Qd3 Nc6 15. O-O Qc5 16. Qd2 {1/2-1/2
Van den Doel,E-Chuchelov,V/Bad Zwesten 2000/CBM 75/[Chuchelov] (39)}) (9... b4
10. a5 Qd8 (10... Qd6 11. Na4 $36) 11. Na4 $36) 10. a5 $1 (10. Nxc6 $6 dxc6 11.
Bxc5 Qxc5 12. axb5 cxb5 13. O-O Nf6 $11 {0-1 Bobras,P-Poluljahov,A/Koszalin
1999/CBM 73/[Ribli] (29)}) (10. axb5 Nxd4 11. Na4 Nxc2+ $5 12. Qxc2 Qa5+ 13.
Bd2 Bb4 $13) 10... Qa7 (10... Nxa5 11. Rxa5 Qxa5 (11... Bxd4 12. Qxd4 Qxa5 13.
Qxg7 $18) 12. Nb3 $18 {[%cal Rb3a5,Rb3c5]}) 11. Ndxb5 {[%mdl 64] Mit diesem
vorübergehenden Figurenopfer gewinnt Weiß Material.} axb5 12. Nxb5 Bxe3 13.
Nxa7 Bxa7 {[%mdl 1024] Weiß hat Q+P+P für B+N+N. Die weiße Bauernmasse am
Damenflügel ist besonders stark.} 14. c3 {Das ist eine weitere Verbesserung
des weißen Spiels - zwei Runden zuvor spielte Galego 14.a6 gegen Epishin und
erreichte auch dort schon eine vorteilhafte Stellung. Der Textzug bereitet
b2-b4 vor.} (14. a6 Bc8 15. O-O $16 Rb8 16. Ra4 Nge7 17. b3 O-O 18. Qd6 f5 19.
Bd3 Ra8 20. exf5 Nxf5 21. Bxf5 Rxf5 22. Kh1 Rf8 23. f4 Bb8 24. Qd3 Rxa6 25.
Rxa6 Nb4 26. Qd2 {1/2-1/2 Galego,L-Epishin,V/Ohrid MKD 2001 (26)}) 14... Nf6
15. f3 Rc8 (15... d5 16. b4 dxe4 17. b5 $16 Ne5 18. b6 Rd8 19. Qa4+ Nfd7 20.
bxa7 exf3 21. gxf3 O-O 22. O-O Nc5 23. Qb4 Rd2 24. Qxc5 Rxe2 25. Rab1 Nxf3+ 26.
Rxf3 Bxf3 27. Rb8 {1-0 Tatar Kis,S-Papp,G/Harkany HUN 2000/(27)}) 16. b4 $16 {
Droht einfach 17.b5, und Schwarz muss weiteres Material geben.} Ne5 (16... Ne7
17. b5 Bc5 (17... Rxc3 18. b6 Bb8 19. a6 $18) 18. Qb3 $18) (16... d5 17. b5 Ne5
18. b6 $18) 17. b5 {Droht 18.b6 und 19.a6 mit Figurengewinn.} Bc5 18. Qb3 (18.
b6) 18... Ba8 19. b6 {[%cal Rb6b7,Rb7c8,Rb7a8]} Bc6 20. a6 {[%csl Ga6,Gb6]} O-O
21. a7 {Das weiße Spiel ging in den letzten Zügen wirklich einfach von der
Hand - ein lockerer Vormarsch der Bauern. Jetzt droht 22.b7 mit sofortigem
Gewinn.} Ra8 22. Ra5 $1 (22. b7 $2 Rxa7 23. Rxa7 Bxa7 $13) 22... d6 23. Rxc5 {
Die Eliminierung des Bc5 ist tödlich für Schwarz.} dxc5 24. b7 Bxb7 25. Qxb7
$18 {Weiß hat großen Materialvorteil. Noch dazu ist sein Pa7 sehr gefährlich.
Die schwarze Stellung ist hoffnungslos.} Rfc8 26. O-O Nc6 27. Ra1 Kf8 28. Bb5
Nd8 29. Qb6 1-0

[Event "Najdorf Memorial 11th"]
[Site "Buenos Aires"]
[Date "2000.09.21"]
[Round "4"]
[White "Bologan, Viktor"]
[Black "Milov, Vadim"]
[Result "1-0"]
[WhiteElo "2641"]
[BlackElo "2626"]
[Annotator "Ribli,Z"]
[PlyCount "77"]
[EventDate "2000.09.18"]
[EventType "tourn"]
[EventRounds "9"]
[EventCountry "ARG"]
[EventCategory "14"]
[SourceTitle "CBM 080"]
[Source "ChessBase"]
[SourceDate "2001.01.25"]
[SourceVersion "1"]
[SourceVersionDate "2001.01.25"]
[SourceQuality "1"]

1. e4 c5 2. Nf3 e6 3. d4 cxd4 4. Nxd4 a6 5. Nc3 b5 {Dieser aggressive Zug ist
sehr populär in letzter Zeit. Schwarz kümmert sich nicht um die Entwicklung
des Königsflügels, sondern möchte Raum am Damenflügel gewinnen.} 6. Bd3 Bc5 (
6... Qb6) 7. Nb3 (7. Be3 Qb6 8. Qg4 Bxd4 9. e5 Bxe3 10. Qxg7 Bxf2+ 11. Kf1 Bh4
12. g3 Bb7 13. Qxh8 Bxh1 14. Qxg8+ Ke7 15. Qg4 Kd8 16. Qxh4+ Kc7 {1/2-1/2
Gallagher,J-Milov,V/Biel SUI 2000/The Week in Chess 300 (84)}) 7... Be7 {
Wie in vielen anderen Varianten der Sizilianischen Verteidigung gilt auch hier
die Regel, dass Schwarz mit Bc5 und Be7 keine Zeit verloren hat, weil der
Springer auf b3 gewöhnlich schnlechter steht als auf d4.} 8. Qg4 (8. O-O d6 9.
f4 (9. Qe1 Nf6 10. Bd2 O-O 11. a4 b4 12. Na2 a5 13. c3 bxc3 14. Nxc3 Nc6 {
1/2-1/2 Mitkov,N-Milov,V/Pula 2000/CBM 77 (22)}) 9... Nd7 10. Qf3 Bb7 11. Bd2
Ngf6 12. a4 b4 13. Nd1 a5 14. Nf2 O-O 15. g4 e5 16. g5 Ne8 17. Qg3 exf4 18.
Bxf4 Ne5 19. Nd4 g6 {0-1 Saravanan,V-Milov,V/Amsterdam NED 2000/The Week in
Chess 301 (35)}) 8... g6 (8... Nf6 9. Qxg7 Rg8 10. Qh6 Nc6 11. Bd2 Ne5 12. f4
Nxd3+ 13. cxd3 b4 14. Ne2 Rxg2 15. Qh3 Rg6 16. f5 exf5 17. exf5 Rg4 18. O-O-O
Bb7 19. Rhe1 a5 20. Kb1 a4 21. Nbd4 Qb6 22. Be3 Qa6 23. Bf4 a3 24. b3 Bg2 25.
Qh6 Nd5 26. Qxh7 O-O-O {0-1 Tiviakov,S-Bosboom,M/Hoogeveen 1999/EXT 2000 (44)})
9. Qe2 {Die Dame steht nicht mehr gut auf g4, ihre Aufgabe war die
Provozierung des Zuges 8...g6.} Nc6 {Das ist endlich mal ein Entwicklungszug -
aber ich bin mir gar nicht sicher, ob das Feld c6 gut ist für den Springer.} (
9... d6 10. O-O b4 $6 (10... Nc6) (10... Bb7) 11. Nd1 Bb7 12. a3 Nc6 13. Bd2
bxa3 14. Rxa3 Qc8 15. Ne3 Nf6 16. Nc4 Qc7 17. Nca5 {1-0 Ponomariov,R-Gallagher,
J/Biel 2000/CBM 79_02 (33)}) 10. O-O d6 11. a4 {Das ist ein typisches Motiv -
Weiß provoziert die Schwächung des schwarzen Damenflügels.} b4 (11... bxa4 $2
12. Rxa4 $16) 12. Nd1 (12. Nb1 {[%cal Gb1d2,Gd2c4]}) 12... a5 {Schwarz
fürchtet die Schwächung des Pb4 und wählt daher die Partiefortsetzung. Aber
auf diese Weise wird wiederum das Feld b5 schwach.} (12... Nf6 13. a5 $14 (13.
Bh6 $14)) 13. Bb5 $14 {[%csl Yb5]} Bd7 14. c4 {Jetzt oder nie mehr. Nach dem
Textzug kann Schwarz den c-Bauern en passant nehmen, später nicht mehr. Weiß
hat in jedem Fall großen Raumvorteil.} Qc7 (14... bxc3 15. Nxc3 $14) 15. f3 $1
{[%cal Gd1f2][%mdl 32] Ein guter positioneller Zug - Weiß räumt das Feld f2
für den Springer. Er spielt (noch) nicht f2-f4, denn er hat am Damenflügel
genug positionellen Druck.} h5 {Die natürliche Springerentwicklung geht nicht
ohne Probleme, daher verliert Schwarz weitere Zeit.} (15... Nf6 16. Bh6 $14)
16. Nf2 Nf6 17. Bg5 {[%csl Gg5]} O-O 18. Rfd1 Rfd8 (18... Ne5 19. Rac1 $14 {
[%cal Gc1c7]}) 19. Rac1 {[%cal Gc1c7] Weiß hat spürbar positionellen Druck.}
Be8 20. Qd2 {[%cal Gd2f4] Weiß möchte eventuell Qf4 ziehen.} e5 $6 {Schwarz
hat Angst vor Qf4 und schwächt freiwillig seine Stellung. In diesem Fall ist
die Medizin - denke ich - gefährlicher als die Krankheit selbst.} (20... Rac8
21. Qf4 Nh7 22. Bxe7 Qxe7 23. c5 $14) 21. Nd3 Nh7 22. Be3 {[%cal Ge3a7] Der
Läufer steht aktiv auf e3 und kontrolliert viele wichtige Felder am
Damenflügel.} (22. Bxe7 $6 Qxe7 23. Qf2 $14) 22... Nf8 {[%cal Gf8e6,Ge6d4]} 23.
Qf2 {Jetzt droht 24.Bb6 mit Qualitätsgewinn.} Rab8 24. f4 $1 {Nun spielt Weiß
am Königsflügel.} Qb7 (24... Ne6 $6 25. f5 $16) 25. Rf1 {[%cal Gf1f8]} (25. f5
$16) 25... exf4 26. Bxf4 {Dieser Zug ist nicht schlecht, aber die Annahme des
Bauern mit dem Springer wäre natürlicher.} (26. Nxf4 $5 $16 {[%cal Gf4d5]})
26... Ne6 27. Bg3 {[%cal Gg3b8]} (27. Be3 Bg5 $14) 27... Bg5 28. Rce1 Rbc8 29.
e5 $5 {Endlich beginnt Weiß mit konkreten Aktionen.} (29. h4 $14) 29... d5 (
29... dxe5 30. Nxe5 Nxe5 31. Rxe5 $16) 30. Ndc5 (30. cxd5 Rxd5 31. Bc4 Rdd8 32.
Ndc5 $14) 30... Qe7 (30... Nxc5 31. Nxc5 Qe7 32. h4 (32. cxd5 h4 33. dxc6 hxg3
34. hxg3 Rd2 $132) 32... d4 33. hxg5 Qxc5 34. e6 $16) 31. h4 Bh6 (31... d4 {
[%cal Gg5e3,Ge3g1]} 32. hxg5 Nxc5 33. Nxc5 Qxc5 (33... h4 34. Ne4 hxg3 35. Qxg3
$16) 34. e6 $16) 32. cxd5 Rxd5 33. Ne4 $16 {[%csl Yd6,Yf6][%cal Ge4d6,Ge4f6]
Weiß hat das viel bessere Figurenspiel - der Ne4 möchte entweder nach d6 oder
nach f6 springen.} Bg7 (33... Rdd8 34. Nf6+ Kf8 (34... Kg7) 35. Rd1 Rxd1 36.
Rxd1 Nc7 37. e6 $1 $16 {[%cal Rg3d6,Rd6f8]}) 34. Nd6 Rc7 35. Nxa5 $1 {[%mdl 64]
} Nxe5 $2 $138 (35... Nxa5 36. Bxe8 Nd8 $16) 36. Nxe8 $18 Ng4 37. Nxc7 $1 Rxb5
(37... Nxf2 38. Nc6 (38. Nxd5 Qc5 39. Bxf2 $18) 38... Qc5 (38... Qd7 39. Nxd5
$18) 39. Bxf2 $18) 38. Nc6 Qd7 39. Qxf7+ $1 1-0

[Event "Goodricke op 12th"]
[Site "Kolkata"]
[Date "2001.02.07"]
[Round "2"]
[White "Garma, Chito"]
[Black "Miezis, Normunds"]
[Result "0-1"]
[WhiteElo "2400"]
[BlackElo "2532"]
[Annotator "Ribli,Z"]
[PlyCount "82"]
[EventDate "2001.02.06"]
[EventType "swiss"]
[EventRounds "11"]
[EventCountry "IND"]
[SourceTitle "CBM 082"]
[Source "ChessBase"]
[SourceDate "2001.05.17"]
[SourceVersion "1"]
[SourceVersionDate "2001.05.17"]
[SourceQuality "1"]

1. e4 c5 2. Nf3 e6 3. d4 cxd4 4. Nxd4 a6 5. Nc3 Qc7 6. Be2 (6. Bd3) 6... b5 7.
O-O Bb7 8. Re1 Nc6 (8... Nf6 9. Bf3 d6 10. Bf4) 9. Nxc6 (9. Bf1 Nf6 10. Nxc6
Qxc6 (10... dxc6 11. e5 Rd8 12. Qf3 Nd5 13. Ne4 Nb4 14. Bg5 Rd7 15. Qc3 h6 16.
Nd6+ Bxd6 17. exd6 Qxd6 18. Be3 Rg8 19. Bc5 Nd5 20. Qa3 Qf4 21. g3 Qf5 22. Bd3
Qh5 23. Be2 Qf5 24. Bd3 Qh5 25. Bh7 Rh8 26. Be4 Kd8 {0-1 Zelcic,R-Miezis,N/
Batumi 1999/CBM 74 (37)}) 11. e5 b4 12. Ne2 Nd5 13. a3 Qb6 $1 14. axb4 Bxb4 15.
c3 Bc5 16. Nd4 O-O 17. Qg4 f5 {Sareen,V-Vyzmanavin,A/Calcutta/1992/EXP27/ (23)}
) 9... dxc6 {Schlägt Schwarz nicht mit dem d-Bauern zurück, muss er mit dem
Springeropfer auf d5 rechnen.} 10. e5 {Mit diesem Zug verschafft sich Weiß
Raumvorteil im Zentrum. Verzichtet Weiß auf diesen Zug, spielt Schwarz selbst
e6-e5, mit Ausgleich.} Rd8 (10... b4 11. Na4 Rd8 12. Bd3 c5 13. Qh5 Ne7 14. Bg5
h6 15. b3 hxg5 16. Qxh8 Rd4 17. Qh5 {1-0 Nataf,I-Miezis,N/France 2000/EXT 2001
(56)}) 11. Bd3 c5 {[%cal Gb7h1] Schwarz öffnet die Diagonale des Bb7 und droht
12...c4 mit Figurengewinn.} (11... Ne7 12. Bg5 $5 (12. Qh5 c5 13. Bg5 g6 14.
Qh4 Rd4 15. Ne4 Bxe4 16. Bxe4 Nf5 17. Qh3 Be7 18. Bxe7 Qxe7 19. c3 Rd2 20. Bxf5
gxf5 21. Qh6 Qd7 22. a4 bxa4 23. Rxa4 {1/2-1/2 Moreno,J-Kazhgaleyev,M/Ubeda
1999/CBM 68 ext (31)}) 12... h6 13. Qh5 Rd7 14. a4 b4 15. Ne4 Ng6 16. Nd6+ Bxd6
17. exd6 Rxd6 18. Bxg6 fxg6 19. Qh4 {1/2-1/2 Kamsky,G-Lutz,C/Dortmund 1993/CBM
35 (35)}) 12. Qh5 {Da der schwarze Springer nicht auf f6 steht, kann sich die
weiße Dame sofort an den Königsflügel begeben. Die Alternative 12.Qg4 kommt
auch stark in Betracht.} (12. Bg5 Be7 13. Qg4 (13. Qh5 Bxg5 (13... g6 14. Qh4
Rd4 15. Qg3 h5 16. Bxe7 Nxe7 17. Ne4 Bxe4 18. Bxe4 O-O 19. Qg5 Rfd8 {0-1 Del
Rio Angelis,S-Cacho Reigadas,S/Cordoba 1995/EXT 2000 (40)}) 14. Qxg5 Ne7 15. a4
h6 16. Qg4 b4 17. Nd1 Rd4 18. Qh3 c4 19. Be2 Ng6 {0-1 Zelcic,R-Eingorn,V/Metz
1998/EXT 99 (31)}) 13... Rd4 14. Qg3 h5 15. Bxe7 Nxe7 16. Be4 b4 17. Bxb7 Qxb7
18. Ne2 Rg4 19. Qh3 Ng6 20. Rad1 O-O 21. Kh1 {1-0 Polgar,S-Mortensen,E/Aarhus
1993/EXT 97 (41)}) (12. Qg4 Rd4 13. Be4 $1 b4 $4 (13... Bxe4 $5) 14. Qf3 $1 $18
Bxe4 15. Nxe4 Qxe5 16. c3 $1 Rd5 17. Nf6+ $1 {1-0 Bezgodov,A-Pugachov,A/
Petropavlovsk 75/(164) 1999/Inf 75/[Bezgodov,A] (17)}) 12... g6 (12... c4 13.
Be4 Bb4 14. Qg4 $5 Ne7 15. Qxg7 $5 (15. Bg5 h5 16. Qg3 Bxc3 17. bxc3 Bxe4 18.
Rxe4 Nf5 19. Bxd8 Nxg3 20. Bxc7 Nxe4 21. Rd1 Ke7 22. Ba5 Rc8 23. f3 {1/2-1/2
Polzin,R-Mortensen,E/Germany 2000/CBM 74 ext (41)}) 15... Rg8 16. Qxh7 Bxc3 17.
bxc3 Qxe5 18. Bf4 $1 Qxf4 19. Bxb7 $14 {1-0 Svidler,P-Rublevsky,S/Smolensk
2000/CBM 77/[Ribli] (35)}) 13. Qe2 (13. Qh3 Bg7 14. Bg5 Ne7 15. Bf6 O-O 16. Qh4
Rd4 17. f4 Nf5 18. Bxf5 exf5 19. Be7 Re8 20. Bd6 Qc6 21. Qg3 Rxf4 {0-1 Midoux,
S-Eingorn,V/Metz FRA 2000/The Week in Chess 285 (25)}) 13... Bg7 (13... c4 $6
14. Be4 Bxe4 15. Nxe4 Qxe5 16. Bd2 $16 {[%cal Rd2c3,Rc3h8]}) 14. a4 (14. Bg5 $5
) (14. f4 Ne7 $11) 14... b4 (14... c4 15. Be4 Bxe4 16. Qxe4 (16. Nxe4 Bxe5 17.
axb5 axb5 $17 {Weiß hat zwar Entwicklungsvorsprung, aber es gibt keine
ausreichende Kompensation. Die schwarze Stellung ist solide.}) 16... b4 17. Na2
(17. Bg5 bxc3 18. Bxd8 Qxd8 19. Qc6+ (19. Rad1 Qc8 20. bxc3 Ne7 21. Rd4 $13)
19... Qd7 20. Qxa6 Ne7 $13) 17... Bxe5 18. Nxb4 $13) 15. Nb1 {[%cal Gb1d2,
Gd2c4] Das ist ein typischer weißer Plan - der Springer strebt das Feld c4 an.}
Ne7 16. Nd2 $6 (16. Bxa6 $6 Bxa6 17. Qxa6 Bxe5 $15) (16. Bg5 $5 $13 {[%cal
Gg5d8,Gb1d2,Gd2c4] Diese Fesselung wäre unangenehm für Schwarz - der Ne7
stünde nicht so aktiv wie in der Partie, und später könnte Weiß Nd2-c4 ziehen.}
) 16... Nf5 17. Nc4 {[%csl Gc4]} Nd4 $13 {[%csl Gd4] In dieser Stellung haben
beide Seiten Felderschwächen zu beklagen -der schwarze Springer auf d4 steht
ebenso ausgezeichnet wie sein weißer Widerpart auf c4.} 18. Qg4 O-O 19. Bg5 (
19. Nd6 Bd5 $15 {Der Nd6 steht nur scheinbar gut - nun kann Schwarz die
Stellung mit f6 sprengen.}) 19... Rd5 {[%mdl 2048]} 20. Rad1 (20. f4 h6 (20...
Nf5 $13) 21. Bh4 Nf5 $13) 20... Nf5 (20... Bxe5 21. Rxe5 Rxe5 22. Bf4 Nc6 23.
Qg3 $44) 21. Be4 h6 (21... Rxd1 22. Rxd1 $14) 22. Bxd5 {Mit diesem Zug gewinnt
Weiß vorübergehend eine Qualität, doch er muss noch eine Leichtfigur geben. In
der Folge entsteht eine sehr unklare Stellung.} (22. Bf6 Rxd1 23. Rxd1 Bxe4 24.
Qxe4 Bxf6 25. exf6 Rd8 $15) (22. Bc1 $5 $13) 22... exd5 {[%cal Rd5c4,Rh6g5]}
23. Nd6 (23. Ne3 hxg5 24. Nxf5 Bc8 $1) 23... hxg5 24. Nxf5 Bc8 $1 {[%csl Rf5]
[%cal Rc8g4] Dieser Zug kommt unerwartet. Der weißfeldrige Läufer greift nun
über f5 ins Spiel ein.} (24... gxf5 25. Qxg5 $132) 25. Qxg5 Bxf5 26. Rxd5 Bxc2
{Schwarz hat das Läuferpaar für Turm und Bauern. Der Bg7 steht ein wenig
passiv, dafür ist die schwarze Bauernmehrheit am Damenflügel gefährlich. Aber
auch Weiß hat seine Gegenchancen am Königsflügel.} 27. e6 $1 Bxa4 (27... fxe6
$2 28. Rxc5 $18 {[%cal Rc5c7,Rc5c2]}) 28. e7 $5 {[%csl Ge7]} (28. Rxc5 Qb6 29.
exf7+ Rxf7 30. Rc8+ Bf8 $15) 28... Re8 29. h4 $5 $132 (29. Rxc5 Qb6 $15) 29...
Qc6 30. Rd8 (30. Rxc5 Qb6 $15) 30... c4 {[%csl Gc4]} (30... Bxb2 $5) 31. h5 (
31. Qa5 Kh7 32. Qxb4 $13 (32. Rxe8 Qxe8 33. Qxa4 Qxa4 34. e8=Q Qxe8 35. Rxe8
Bxb2 $19)) 31... c3 32. bxc3 (32. h6 Bh8) 32... bxc3 33. h6 Bh8 34. h7+ $1 Kxh7
35. Re3 $2 {[%mdl 8192] Weiß ist zu optimistisch und setzt auf Matt.} (35. Qh4+
Kg8 (35... Kg7 36. Qd4+ Kg8 37. Rxe8+ Qxe8 38. Qxa4 $1) 36. Rxe8+ Qxe8 37. Qxa4
$1 Qxa4 38. e8=Q+ Qxe8 39. Rxe8+ Kh7 40. Ra8 $14) 35... Kg8 $17 36. Rh3 Qf6 37.
Qh6 Qg7 {Nach diesem Zug ist alles in der schwarzen Stellung verteidigt. Weiß
hat nichts konkretes mehr, so dass der schwarze c-Bauer die Partie entscheidet.
} 38. Qf4 c2 $19 39. Qxa4 c1=Q+ 40. Kh2 Qc7+ {[%cal Rc7h2,Rc7d8]} 41. f4 Qxd8
$1 (41... Rxd8 $2 42. e8=Q+ Rxe8 43. Qxe8+ Qf8 44. Rxh8+ Kxh8 45. Qxf8+ Kh7 $17
) (41... Qxd8 42. exd8=Q Rxd8 43. Qxa6 Qd4 $19 (43... Qf6 $19)) 0-1

[Event "FRA-ch Haute"]
[Site "Vichy"]
[Date "2000.08.25"]
[Round "10"]
[White "Fressinet, Laurent"]
[Black "Hauchard, Arnaud"]
[Result "1-0"]
[WhiteElo "2536"]
[BlackElo "2539"]
[Annotator "Ribli,Z"]
[PlyCount "51"]
[EventDate "2000.08.15"]
[EventType "tourn"]
[EventRounds "4"]
[EventCountry "FRA"]
[SourceTitle "CBM 079"]
[Source "ChessBase"]
[SourceDate "2000.11.21"]
[SourceVersion "1"]
[SourceVersionDate "2000.11.21"]
[SourceQuality "1"]

1. e4 c5 2. Nc3 e6 3. Nf3 a6 4. d4 cxd4 5. Nxd4 b5 6. Bd3 Qb6 {Der
französische Großmeister spielt gerne diese scharfe Variante.} 7. Nb3 {Eine
Runde zuvor kam in der Partie Nataf, I. - Koch, J.- R. hier 7.Be3, und nach
großen Komplikationen endete die Partie Remis.} Qc7 {Eine auf den ersten Blick
sonderbare Fortsetzung - man möchte glauben, dass Schwarz so zu viel Zeit in
der Eröffnung verliert. Aber mit dem Textzug umgeht Schwarz die Variante 8.a4
b4 9.a5 - mit Tempo bei Damenstellung auf b6 - nebst 10.Na4.} 8. O-O Nc6 $6 {
Dieser zunächst natürlich erscheinende Springerzug ist meiner Meinung nach
nicht die beste Fortsetzung, denn in der Folge steht der Nc6 nicht besonders
gut. Die Entwicklung des Läufers nach b7 scheint mir konsequenter.} (8... Nf6
9. Qe2 d6 (9... Bb7 10. f4 b4 11. Nd1 a5 12. Nf2 Nc6 13. Be3 a4 14. Nd2 Be7 15.
Ng4 d6 16. Nc4 O-O 17. Nb6 Ra5 18. Nc4 Raa8 19. Nb6 Ra5 20. Nc4 Raa8 21. Nb6 {
1/2-1/2 Fressinet,L-Smirin,I/Saint Vincent ITA 2000/The Week in Chess 296 (21)}
) 10. f4 Nbd7 11. Bd2 Bb7 12. Rae1 e5 13. a4 b4 14. Nd1 Nc5 15. Nxc5 Qxc5+ 16.
Kh1 Be7 17. Ne3 Nxe4 18. Bc1 g6 19. Nc4 f5 20. Be3 Qc7 21. fxe5 dxe5 22. Rxf5
gxf5 23. Qh5+ Kd8 24. Bxe4 {1/2-1/2 Spassky,B-Hauchard,A/Paris 2000/CBM 77 (37)
}) (8... Bb7) 9. Qe2 d6 10. f4 Nf6 11. Bd2 {Wie in vielen Varianten der
Sizilianischen Verteidigung ist der Läufer auch hier besser auf d2 als auf e3
aufgehoben. Der Grund ist, dass Weiß dann besser Rae1 spielen kann.} Be7 12.
Rae1 b4 (12... Bb7 13. Kh1 O-O 14. Rf3 b4 15. Nd1 e5 16. Rh3 exf4 17. Bxf4 Bc8
18. Rg3 Ne5 19. Ne3 Re8 20. Rf1 Kh8 21. Bg5 Qd8 22. Nd4 Ng8 23. Bxe7 Nxe7 24.
Qh5 {1-0 Thipsay,B-Safira,S/Mumbai IND 2000/The Week in Chess 296 (34)}) 13.
Nd1 e5 (13... O-O 14. e5 $40) 14. Ne3 $14 {[%cal Ge3d5,Ge3f5]} exf4 $2 {
[%mdl 16384] Schwarz ist zu optimistisch - nach der Partiefortsetzung bekommt
Weiß ausgezeichnete Angriffschancen.} (14... Be6 15. f5 Bxb3 16. axb3 Nd4 (
16... O-O 17. Bc4 Nd4 18. Qd3 $14) 17. Qf2 Qb7 $132) 15. Rxf4 (15. Nd5 Qd8 16.
Bxf4 O-O 17. Kh1 $14) 15... a5 (15... Be6 16. Nd5 Nxd5 (16... Bxd5 17. exd5 Ne5
(17... Nxd5 18. Be4 Nxf4 19. Bxc6+ Kf8 20. Bxf4 $18) 18. Rxb4 $16) 17. exd5
Bxd5 18. Bc4 Bxc4 19. Qxc4 $44 O-O $2 20. Nd4 $18) (15... Qb6 {[%cal Gb6g1]}
16. Kh1 a5 (16... Be6 17. Nd5 Nxd5 (17... Bxd5 18. exd5 Nxd5 19. Be4 $18) 18.
exd5 Bxd5 19. Rxb4 $16) 17. Nd5 Nxd5 18. exd5 Ne5 19. Bb5+ $40) 16. Bb5 $1 Bd7
(16... O-O 17. Qc4 Bd7 18. Nd5 $18) 17. Nf5 O-O (17... Bxf5 18. exf5 O-O 19.
Qc4 $1 (19. Bxc6 Qxc6 20. Qxe7 Rfe8 $19 {[%csl Re7]}) 19... Rfc8 20. Bxc6 Qxc6
(20... d5 21. Bxd5 $18) 21. Qxc6 Rxc6 22. Rxe7 Nd5 23. Re2 Nxf4 24. Bxf4 $18)
18. Bxc6 Bxc6 19. Nbd4 $16 {[%csl Gd4,Gf5] Weiß hat eine chancenreiche
Angriffsstellung erreicht - seine Springer stehen sehr stark.} Bd8 (19... Rfe8
20. Nxe7+ Rxe7 21. Rxf6 gxf6 22. Qg4+ {[%csl Rg8]} Kf8 (22... Kh8 23. Qh4 $18)
23. Nf5 Re5 24. Bf4 $18) 20. Qf3 Re8 $2 {[%mdl 8192]} (20... Bb7 $16) {[#]} 21.
Nxg7 $1 {Ein schönes und typisches Opfer. Schwarz bleibt keine Verteidigung.}
Rxe4 (21... Kxg7 22. Rxf6 Bxf6 23. Bh6+ $1 Kxh6 (23... Kg6 24. Qf5+ $18) 24.
Qxf6+ Kh5 25. g4+ Kxg4 26. Qf5+ Kh4 27. Nf3#) 22. Nxc6 Qxc6 23. Rfxe4 Nxe4 24.
Rxe4 Bb6+ 25. Kh1 Qxc2 (25... Kxg7 26. Bh6+ $18 (26. Rg4+ $18 {[%cal Rg4g7,
Rf3c6]})) 26. Nf5 {[%csl Rg8][%cal Rf3g4,Rg4g8]} 1-0